Новые эксперименты по регистрации нейтрино; Атомная техника за рубежом; № 1

Bibliographische Detailangaben
Parent link:Атомная техника за рубежом: научно-технический журнал/ Росатом; Государственная корпорация по атомной энергии; Ядерное общество России (ЯОР).— , 1957-.— 0320-9326
№ 1.— 2002.— С. 15-18
1. Verfasser: Васильев Ю.
Sprache:Russisch
Veröffentlicht: 2002
Schriftenreihe:Рефераты
Schlagworte:
Format: MixedMaterials Buchkapitel
KOHA link:https://koha.lib.tpu.ru/cgi-bin/koha/opac-detail.pl?biblionumber=380834

MARC

LEADER 00000naa2a2200000 4500
001 380834
005 20231101062736.0
035 |a (RuTPU)RU\TPU\prd\2596 
090 |a 380834 
100 |a 20020328a2002 k y0rusy50 ca 
101 0 |a rus 
102 |a RU 
200 1 |a Новые эксперименты по регистрации нейтрино  |f Ю. Васильев  
225 1 |a Рефераты 
320 |a Библиогр.: 7 назв.. 
461 1 |0 (RuTPU)RU\TPU\prd\1300  |x 0320-9326  |t Атомная техника за рубежом  |o научно-технический журнал  |f Росатом; Государственная корпорация по атомной энергии; Ядерное общество России (ЯОР)  |d 1957- 
463 1 |0 (RuTPU)RU\TPU\prd\2330  |t № 1  |v С. 15-18  |d 2002 
610 1 |a солнечное нейтрино 
610 1 |a Стандартная модель 
610 1 |a Суперкамиоканде 
610 1 |a детектирование нейтрино 
610 1 |a электронные нейтрино 
610 1 |a осцилляции нейтрино 
675 |a 523.123  |v 3 
700 1 |a Васильев  |b Ю. 
801 1 |a RU  |b 63413507  |c 20020328  |g PSBO 
801 2 |a RU  |b 63413507  |c 20120419  |g PSBO 
942 |c BK